000 00667nam a22002057a 4500
999 _c187103
_d187103
005 20220331144040.0
010 _aENG-132185
020 _a9788195391929
_c523.00
035 _aEN-115717
037 _bDBAD/PUB
082 _a620.1
100 _aKumar, M. Sreenivasa
245 _aEngineering Mechanics/
_cM. Sreenivasa Kumar, D. Suneel and Sekhar
260 _aHyderabad
_bSrikrishna Techno Books
_c2021
270 _a#326, III Floor, Surneni Nilayam Near B K Guda Park, S R Nagar
_mstudentshelpline.in@gmail.com
_e500038
_bHyderabad
300 _avp.
_c24cm(pbk)
700 _aSuneel, D.
700 _aSekhar
942 _2ddc
_cEN
_mSRE
_h620.1